000 00539nam a22002417a 4500
003 UA-OsUOA
001 30283
007 ta
008 20041108b un ||||| |||| 00| 0 ukr d
100 _aМицкевич Адам
090 _a821.162.1
_bМ70
942 _cBK
040 _aUA-OsUOA
_brus
_cUA-OsUOA
_dUA-OsUOA
245 _aСонеты
300 _a344 с.
955 _a0
041 _arus
080 _a821.162.1
260 _aЛенинград
_bНаука
_c1976
044 _aRU
650 7 _2UDC
999 _c316691
_d316691